ABBE' PIERRE AVENTURIER DE DIEU (L') (Record no. 106127)

MARC details
000 -LEADER
fixed length control field 01150agaaa2200277 4500
001 - CONTROL NUMBER
control field 7064
003 - CONTROL NUMBER IDENTIFIER
control field IT-RoPAU
005 - DATE AND TIME OF LATEST TRANSACTION
control field 20220918181241.0
007 - PHYSICAL DESCRIPTION FIXED FIELD--GENERAL INFORMATION
fixed length control field d cvaizq
008 - FIXED-LENGTH DATA ELEMENTS--GENERAL INFORMATION
fixed length control field 50131s9999||||xx ||| | || ||und||
040 ## - CATALOGING SOURCE
Original cataloging agency IT-RoPAU
Transcribing agency IT-RoPAU
041 ## - LANGUAGE CODE
Language code of text/sound track or separate title ITALIANO
100 ## - MAIN ENTRY--PERSONAL NAME
Personal name Salou Jean Claude
Miscellaneous information Codice regista SPICS: 30788
9 (RLIN) 45243
130 ## - MAIN ENTRY--UNIFORM TITLE
Uniform title ABBE' PIERRE AVENTURIER DE DIEU (L')
9 (RLIN) 45244
245 ## - TITLE STATEMENT
Title ABBE' PIERRE AVENTURIER DE DIEU (L')
Statement of responsibility, etc. Diretto da: Salou Jean Claude
Name of part/section of a work ABBE' PIERRE AVENTURIER DE DIEU (L') (Rif. Codice opera principale : 87064)
250 ## - EDITION STATEMENT
Edition statement Edizione Standard
260 ## - PUBLICATION, DISTRIBUTION, ETC. (IMPRINT)
Place of publication, distribution, etc. (FRANCIA)
Name of publisher, distributor, etc. ANTENNE 2 - CFRT /
Date of manufacture "1989 (1° ed.: 1989 ; Ed. Lingua Orig.: 1989)"
300 ## - PHYSICAL DESCRIPTION
Extent VHS
Other physical details sonoro, col.
Dimensions 27 minuti
508 ## - CREATION/PRODUCTION CREDITS NOTE
Creation/production credits note "Fotografia: Lefevre Daniel; Montaggio: Baltzer Jacques; Musica: Moussac Vincent; "
538 ## - SYSTEM DETAILS NOTE
System details note PAL, STEREO
546 ## - LANGUAGE NOTE
Language note ITALIANO
650 ## - SUBJECT ADDED ENTRY--TOPICAL TERM
Topical term or geographic name as entry element RELIGIOSO
Relator term TV-PROGRAMMI RELIGIOSI [VHS]
General subdivision Codice MATERIA SPICS: 9963
9 (RLIN) 45245
700 ## - ADDED ENTRY--PERSONAL NAME
Personal name Moussac Vincent
Relator term (musica)
Miscellaneous information Codice Musica SPICS: 30793
9 (RLIN) 45246
700 ## - ADDED ENTRY--PERSONAL NAME
Personal name Salou Jean Claude
Relator term (regista)
Miscellaneous information Codice regista SPICS: 30788
9 (RLIN) 45247
942 ## - ADDED ENTRY ELEMENTS (KOHA)
Koha item type VHS - VIDEO
Source of classification or shelving scheme Dewey Decimal Classification
Holdings
Withdrawn status Lost status Damaged status Not for loan Home library Current library Date acquired Total Checkouts Full call number Date last seen Price effective from Koha item type Public note
    Buone Condizioni Not For Loan SPICS-MEDIATECA SPICS-MEDIATECA 31/01/2015   87064 31/01/2015 31/01/2015 VHS - VIDEO Progr. Ins.: 2748 / N.Vol.:1 / Copie: 1 / Pag.:0 / Copia rara: n.d. / date import: 1.2.2015 / By Epidotti, Trombetti, Vaglietti
CREDITS: SOCIETA' SAN PAOLO Via A.Severo, 58 - ROMA (RM) & PERIODICI SAN PAOLO SRL Via Giotto, 36 MILANO & CISF Via Giotto, 36 MILANO & EDIZIONI SAN PAOLO SRL,  Piazza Soncino, 5 CINISELLO BALSAMO (MI) -- ITALY